table de 5 jusqu'à 20 - Statistiques

Statistiques générales
  • Ce quiz a été pris 75 fois
  • Le résultat moyen est 10 sur 10
Statistiques - réponses
calcul réponse % Correct
20 x 5 100
100%
3 x 5 15
100%
4 x 5 20
100%
5 x 5 25
100%
8 x 5 40
100%
1 x 5 5
100%
10 x 5 50
100%
11 x 5 55
100%
12 x 5 60
100%
14 x 5 70
100%
15 x 5 75
100%
17 x 5 85
100%
18 x 5 90
100%
19 x 5 95
97%
6 x 5 30
96%
7 x 5 35
96%
13 x 5 65
96%
9 x 5 45
95%
16 x 5 80
95%
2 x 5 10
92%
Aucun quiz correspondant
Distribution des résultats
% des personnes avec chaque résultat
Percentile par nombre de réponses
Votre historique - résultats
Vous n’avez pas pris ce quiz